L’histoire littéraire : ses méthodes et ses résultats. Mélanges offerts à MADELEINE BERTAUD. Réunis par Luc FRAISSE. Genève, Droz, 2001. Un vol. 16 x 21,5 de XVI + 869 p. (notice n° 1654003)
[ vue normale ]
| 000 -LEADER | |
|---|---|
| fixed length control field | 00655cam a2200145 4500500 |
| 005 - DATE AND TIME OF LATEST TRANSACTION | |
| control field | 20260208005829.0 |
| 041 ## - LANGUAGE CODE | |
| Language code of text/sound track or separate title | fre |
| 042 ## - AUTHENTICATION CODE | |
| Authentication code | dc |
| 100 10 - MAIN ENTRY--PERSONAL NAME | |
| Personal name | Cesbron, Georges |
| Relator term | author |
| 245 00 - TITLE STATEMENT | |
| Title | L’histoire littéraire : ses méthodes et ses résultats. Mélanges offerts à MADELEINE BERTAUD. Réunis par Luc FRAISSE. Genève, Droz, 2001. Un vol. 16 x 21,5 de XVI + 869 p. |
| 260 ## - PUBLICATION, DISTRIBUTION, ETC. | |
| Date of publication, distribution, etc. | 2005.<br/> |
| 500 ## - GENERAL NOTE | |
| General note | 44 |
| 786 0# - DATA SOURCE ENTRY | |
| Note | Revue d'histoire littéraire de la France | 105 | 3 | 2005-06-01 | p. 655zzq-764zzq | 0035-2411 |
| 856 41 - ELECTRONIC LOCATION AND ACCESS | |
| Uniform Resource Identifier | <a href="https://shs.cairn.info/revue-d-histoire-litteraire-de-la-france-2005-3-page-655zzq?lang=fr&redirect-ssocas=7080">https://shs.cairn.info/revue-d-histoire-litteraire-de-la-france-2005-3-page-655zzq?lang=fr&redirect-ssocas=7080</a> |
Pas d'exemplaire disponible.




Réseaux sociaux